| 000 | 01194nam0a22003131 4500 | ||
|---|---|---|---|
| 001 | RU\INFOCOMM_322\NLR\5000235950 | ||
| 005 | 20250613112441.0 | ||
| 010 |
_95150 экз. _a5-03-000193-X |
||
| 035 | _a(NLR Aleph) 009611029 | ||
| 090 |
_a9372013 _c9372013 |
||
| 100 | _a20130315d1989 |||y0rusy50 ca | ||
| 101 | 1 |
_afre _crus |
|
| 102 | _aRU | ||
| 105 | _ay z ||||| | ||
| 200 | 1 |
_aLes maladies du nez, de la gorge et de l'oreille _fV. Paltchoun, N. Voznessenski _g[Trad. du russe par E. Goussiatinskaïa] |
|
| 210 |
_aM. _cMir _dCop.1989 |
||
| 215 |
_a287 с. _cил., цв. ил. _d21 см |
||
| 300 | _aВ вып. дан.: Болезни уха, горла и носа / Владимир Тимофеевич Пальчун, Николай Леонидович Вознесенский | ||
| 620 | _aМосква | ||
| 686 |
_aР68 _2rubbk |
||
| 700 | 1 |
_9z01790 _aPal'čun _bV. T. _gVladimir Timofeevič |
|
| 701 | 1 |
_9z02790 _aVoznesenskij _bN. L. _gNikolaj Leonidovič |
|
| 790 | 1 |
_9z01700 _aPaltchoun _bV. _4070 |
|
| 790 | 1 |
_9z02701 _aVoznessenski _bN. _4070 |
|
| 801 | 1 |
_aRU _bInfocomm _c20130315 |
|
| 801 | 0 |
_aRU _bINFOCOMM _gPSBO |
|
| 852 |
_aNLR _jМд81 Д-3/48 |
||
| 942 | _cBOOK | ||
| 980 | _aNB | ||